Plus Grandes Villes Suède - Statistiques

Statistiques générales
  • Ce quiz a été pris 103 fois
  • Le résultat moyen est 8 sur 20
Statistiques - réponses
Ville
Population
(en milliers)
% Correct
Stockholm 1 252
100%
Malmö 258
97%
Göteborg 510
92%
Uppsala 128
67%
Norrköping 83
50%
Jönköping 84
47%
Örebro 98
46%
Umea 75
45%
Helsingborg 91
37%
Västeras 107
34%
Lund 76
26%
Karlstad 58
22%
Gävle 68
21%
Växjö 55
18%
Boras 63
13%
Halmstad 55
13%
Eskilstuna 60
9%
Södertalje 60
7%
Täby 58
7%
Linköping 97
3%
Aucun quiz correspondant
Distribution des résultats
% des personnes avec chaque résultat
Percentile par nombre de réponses
Votre historique - résultats
Vous n’avez pas pris ce quiz